=LDR 00000nam 2200000 4500 =001 INLIS000000000015295 =005 20130612110556 =008 ***********************************Ind** =035 ##$$0010-061300000015295 =041 ##$$a Ind =082 ##$$a 635 =090 ##$$a 635, Cri-b =100 ##$$a Cridland B. Robert =245 ##$$a Budidaya Kebun dan Tanaman, Robert B. Cridland =260 ##$$a 1995 $b Semarang =300 ##$$a 187 hlm, Ilus, 21 cm =650 ##$$a Kebun dan Tanaman-Pemeliharaan =850 ##$$a NBPNMAT